ბათუმის შოთა რუსთაველის სახელმწიფო უნივერსიტეტის ბიბლიოთეკა

სიცოცხლის სიყვარულით (ბიბ.ჩანაწერი № 42435)

000 -LEADER
fixed length control field 00744nam a2200229Ia 4500
001 - CONTROL NUMBER
control field 9131
003 - CONTROL NUMBER IDENTIFIER
control field GE_BSU
008 - FIXED-LENGTH DATA ELEMENTS--GENERAL INFORMATION
fixed length control field 181216s||||||||xx |||||||||||||| ||und||
040 ## - CATALOGING SOURCE
Transcribing agency GE_BSU
080 ## - UNIVERSAL DECIMAL CLASSIFICATION NUMBER
Universal Decimal Classification number 821.353.1-4
100 ## - MAIN ENTRY--PERSONAL NAME
Personal name კუჭავა,დანიელ
245 ## - TITLE STATEMENT
Title სიცოცხლის სიყვარულით
245 ## - TITLE STATEMENT
Remainder of title ნარკვევები
245 ## - TITLE STATEMENT
Statement of responsibility, etc. რედ:ლ.ბეჟანიძე;მხატვ:ა.ლომაძე
260 ## - PUBLICATION, DISTRIBUTION, ETC.
Place of publication, distribution, etc. ბათუმი.
260 ## - PUBLICATION, DISTRIBUTION, ETC.
Name of publisher, distributor, etc. საბჭ.აჭარა.
260 ## - PUBLICATION, DISTRIBUTION, ETC.
Date of publication, distribution, etc. 1974
300 ## - PHYSICAL DESCRIPTION
Extent 107გვ;17სმ
653 ## - INDEX TERM--UNCONTROLLED
Uncontrolled term ნარკვევები
653 ## - INDEX TERM--UNCONTROLLED
Uncontrolled term სიცოცხლის სიყვარულით
942 ## - ADDED ENTRY ELEMENTS (KOHA)
Koha item type წიგნი
ეგზემპლარები
Withdrawn status Lost status Damaged status Not for loan Date acquired Barcode Date last seen Price effective from Koha item type
        2018-12-17 31680 2018-12-17 2018-12-17 წიგნი
        2018-12-17 31681 2018-12-17 2018-12-17 წიგნი